000 00255nam a2200085Ia 4500
245 0 _aPhysical sciences . Grade 11 : learner's book
100 _a Kelder, Karin London, 2009 2nd ed.
_961428
942 _cBK
008 210818s9999 xx 000 0 und d
999 _c426502
_d426501